| 000 | 02380nam0a2200529 4500 | ||
|---|---|---|---|
| 001 | RU\NLR\bibl\1957031 | ||
| 005 | 20260406010933.0 | ||
| 021 |
_aRU _b2012-72980 _95396 |
||
| 035 | _a(nilc)LIBNET\0000282494 | ||
| 035 | _a2VIL\RUSMED\0000219286 | ||
| 035 | _a(NLR Aleph) 001946103 | ||
| 090 |
_a3631568 _c3631568 |
||
| 100 | _a20121002d2012 |||y0rusy50 ca | ||
| 101 | 0 | _arus | |
| 102 | _aRU | ||
| 105 | _aa z ||||| | ||
| 200 | 1 |
_aФотохирургия _fФ.В. Баллюзек, А.А. Иванов |
|
| 210 |
_aСанкт-Петербург _c[б. и.] _d2012 _gЛитография |
||
| 215 |
_a180 с., [4] л. цв. ил. _cил. _d21 |
||
| 300 | _aНа 4-й с. обл. 1-й авт.: Баллюзек Ф.В., д.м.н., проф., акад. Европ. акад. естеств. наук, Акад. медико-техн. наук РФ | ||
| 320 | _aБиблиогр.: с. 173-178 (111 назв.) | ||
| 541 | 0 | _aPhotosurgery | |
| 606 | 1 |
_aСВЕТОЛЕЧЕНИЕ _xметоды _2rus_mesh _3R10966-6.1 |
|
| 606 | 1 |
_aPHOTOTHERAPY _xmethods _2rus_mesh _3E10966-6.1 |
|
| 606 | 1 |
_aСВЕТОЛЕЧЕНИЕ _xоборудование _2rus_mesh _3R10966-7.1 |
|
| 606 | 1 |
_aPHOTOTHERAPY _xinstrumentation _2rus_mesh _3E10966-7.1 |
|
| 606 | 1 |
_aХИРУРГИЧЕСКИЕ ОПЕРАЦИИ _xметоды _2rus_mesh _3R13723-6.1 |
|
| 606 | 1 |
_aSURGICAL PROCEDURES, OPERATIVE _xmethods _2rus_mesh _3E13723-6.1 |
|
| 606 | 1 |
_aЛазерная хирургия _92494353 _3RU\NLR\auth\661479799 |
|
| 686 |
_a76.29.39 _2rugasnti |
||
| 686 |
_aE02.774 - методы _v2011 _2MESH |
||
| 686 |
_aE02.774 - methods _v2011 _2MESH |
||
| 686 |
_aE02.774 - оборудование _v2011 _2MESH |
||
| 686 |
_aE02.774 - instrumentation _v2011 _2MESH |
||
| 686 |
_aE04 - методы _v2011 _2MESH |
||
| 686 |
_aE04 - methods _v2011 _2MESH |
||
| 686 | _aР45с5 | ||
| 700 | 1 |
_aБаллюзек _bФ. В. _gФеликс Владимирович _4070 |
|
| 701 | 1 |
_4070 _7ca _8rus _aИванов _bА. А. _cспециалист в обл. лазер. технологий _gАлександр Анатольевич _999337 _3RU\NLR\auth\77116412 |
|
| 801 | 0 |
_aRU _bЦНМБ _c20121002 _gPSBO |
|
| 801 | 1 |
_aRU _bЦНМБ _c20121002 |
|
| 801 | 2 |
_aRU _bЦНМБ _c20121016 |
|
| 801 | 2 |
_aRU _bNLR _c20121017 _grcr |
|
| 942 | _cBOOK | ||
| 980 | _aNBR | ||
| 980 | _aNB | ||